000 00720nam a22002057a 4500
003 OSt
005 20260226051408.0
008 260226b |||||||| |||| 00| 0 eng d
020 _a971-791-153-3
040 _aDWCL-Main Lib
_cOC
082 _24th ed.
_aFil. 808.8 Se487 2000
100 _aSerrano, Josephine B. /Lapid , Milagros G.
245 _aEnglish communication arts and skills IV : through world literature /
260 _aQuezon City :
_bSibs Pub.,
_cc2000.
300 _aix , 333 p. :
_b ill. ;
_c26 cm.
504 _a1. Includes glossary and index.
650 _aLiterature - World - Study and teaching (Secondary) - Philippines.
650 _aLiterature - World.
942 _2ddc
_cBK-FIL
_e4th ed.
_mFil.
_n0
999 _c8563
_d8563